| 000 | 00998cam a2200241 4500 | ||
|---|---|---|---|
| 001 | ABS61762 | ||
| 008 | 000000n2000 000 0 eng u | ||
| 035 | _a(Sirsi) u103804 | ||
| 100 | _aAkintoye, A. | ||
| 245 | 2 | _aA survey of current cost estimating practices in the UK | |
| 260 | _c2000 | ||
| 490 |
_aConstruction Management and Economics _v(18) January 2000, 161-172(12) |
||
| 520 | _aDiscusses the results of a survey into the cost estimating practices of contractors for construction projects. The survey indicates that contractors continue to undertake cost estimating mainly for construction planning purposes. It also shows that recent developments in cost estimating methods and tools have not yet been adopted. | ||
| 590 | _aABS | ||
| 650 | _aCOST ESTIMATING | ||
| 650 | _aCONTRACTORS | ||
| 650 | _aBILLS OF QUANTITIES | ||
| 650 | _aCONSTRUCTION PROJECTS | ||
| 650 | _aTENDERING | ||
| 690 | _aBUILDING AND CONSTRUCTION-PROJECTS | ||
| 700 | _aFitzgerald, E. | ||
| 942 | _n0 | ||
| 999 |
_c62335 _d62335 |
||